Responses for Show #1383 - Wednesday, September 12, 1990

Game entered from audiorecording. Missing prizes.

Contestants

[<< previous game]

Kyle Freeman, a teacher and proofreader from San Francisco, California

Todd Clanton, an audio visual designer from San Diego, California

Ed Allen, a writer and teacher from Memphis, Tennessee (whose 2-day cash winnings total $20,402)

[next game >>]

Jeopardy! Round responses

WORLD CAPITALS
THE GOLDEN GLOBE AWARDS
LIBRARIES
AMERICAN HISTORY
CLOTHING
GREEK ALPHABET
    $100 1
Budapest

Ed
    $100 24
Driving Miss Daisy

Kyle
    $100 15
bookmobiles

Kyle
    $100 3
Daniel Boone

Ed
    $100 21
the lapel

Ed
    $100 10
Delta

Todd
    $200 2
Managua

Todd
    $200 25
[Prior to revealing the Final Jeopardy! clue Alex clarifies that the name of the movie is Born on [*].]

the Fourth of July

Triple Stumper
    $200 17
the Dewey Decimal System

Ed
    $200 4
15

Todd
    $1,000 22
wool

Ed
    $200 12
alpha & omega

Kyle
    $300 6
Port-au-Prince

Kyle
    $300 26
(Kyle: Who is Ken Rosewall?)
...
(Alex: Ken Rosewall was the tennis star...)

Ken Wahl

Kyle
Triple Stumper
    $300 18
(Kyle: What is my home state of [*]?)

Texas

Kyle
    $300 5
the League of Nations

Kyle
    $300 23
(Alex: We have a minute to go.)

a shift

Kyle
    $300 13
tau

Todd
    $400 7
(Alex: [*], Peru is right.)

Lima

Todd
    $400 27
Jamie Lee Curtis

Triple Stumper
    $400 19
(Todd: What is mud?)

clay

EdTodd
    $400 8
wampum

Todd
    $400 14
theta

Todd
    $500 11
Bangladesh

Kyle
    $500 28
[The end-of-round signal sounds.]

The Fabulous Baker Boys

Todd
    $500 20
Wales

Ed
    $500 9
(Todd: What is the NAACP?)

the National Urban League

Todd
Triple Stumper
    $500 16
iota

Ed

Scores at the first commercial break (after clue 15):

Ed Todd Kyle
$200 $1,500 $1,400

Scores at the end of the Jeopardy! Round:

Ed Todd Kyle
$2,900 $1,600 $1,800

Double Jeopardy! Round responses

PHYSICAL SCIENCE
SAINTS
COMPOSERS
AFRICA
LITERARY TERMS
CAMBRIDGE UNIVERSITY
    $200 5
g

Todd
    $200 1
(Todd: Who is John the Baptist?)
(Kyle: Who is St. Simon?)

St. Joseph

ToddKyle
Triple Stumper
    $200 8
the Vienna Woods

Kyle
    $200 15
South Africa

Ed
    $200 13
fiction

Ed
    $200 22
Oxford

Todd
    $400 7
direct current

Kyle
    $400 2
(Todd: [*]. What is [*]?)

3

Todd
    $400 9
(Richard) Wagner

Todd
    $400 23
the Suez Canal

Kyle
    $400 14
a sonnet

Todd
    $400 30
Isaac Newton

Kyle
    $600 10
a riptide

Todd
    $600 3
(Ed: Who is James?)

St. Jerome

EdTodd
    $600 17
the 1812 Overture

Ed
    $600 24
(Alex: We have a minute left in this round.)

(2 of) Zaire & Zambia (or Zimbabwe)

Ed
    $600 16
a cliche

Kyle
    $600 29
Darwin

Todd
    $1,500 11
Lord Kelvin

Todd
    $800 4
(St.) Christopher

Ed
    $3,800 20
the Orchestra

Kyle
    $800 28
Ethiopia

Ed
    $800 18
(Todd: What's an entomology?)
...
(Alex: Entomology has to do with a completely different area--insects.)

etymology

EdTodd
    $800 25
Henry VIII

Todd
    $1000 12
retrograde

Ed
    $1000 6
(Todd: Who is St. Jude?)

St. Anthony

EdTodd
    $1000 21
(Kyle: What is a sonata?)

the symphony

EdKyle
    $1000 26
Morocco

Todd
    $1000 19
odes

Kyle
    $1000 27
history

Triple Stumper

Scores at the end of the Double Jeopardy! Round:

Ed Todd Kyle
$9,300 $6,300 $7,400

[wagering suggestions for these scores]

Final Jeopardy! Round responses

SPACE EXPLORATION
ToddWhat is China?
$6,200
KyleWhat is Japan?
$5,201
EdWhat is the USSR?
$6,000
Japan

Final scores:

Ed Todd Kyle
$3,300 $100 $12,601
2nd place 3rd place New champion: $12,601

Game dynamics:

Coryat scores:

Ed Todd Kyle
$8,500 $5,600 $4,400
18 R
(including 1 DD),
1 W
19 R
(including 1 DD),
5 W
15 R
(including 1 DD),
3 W

Combined Coryat: $18,500

[game clues] [game scores] [suggest correction]

Game tape date: 1990-07-31
The J! Archive is created by fans, for fans. Scraping, republication, monetization, and malicious use prohibited; this site may use cookies and collect identifying information. See terms. The Jeopardy! game show and all elements thereof, including but not limited to copyright and trademark thereto, are the property of Jeopardy Productions, Inc. and are protected under law. This website is not affiliated with, sponsored by, or operated by Jeopardy Productions, Inc. Join the discussion at JBoard.tv.